[Event "First Saturday 2009 may FM-B"]
[Site "Budapest"]
[Date "2009.05.02"]
[Round "1"]
[White "Szabo, Miklos"]
[Black "Klein, Rafael"]
[Result "1-0"]
[WhiteElo "1453"]
[BlackElo "1617"]
[PlyCount "75"]
[EventDate "2009.05.02"]

1. c4 d6 2. Nc3 g6 3. g3 Bg7 4. Bg2 Nc6 5. Nf3 e5 6. d3 f5 7. Rb1 a5 8. O-O Nf6
9. a3 O-O 10. Re1 Be6 11. Ng5 Qd7 12. e4 h6 13. Nxe6 Qxe6 14. Nd5 Rac8 15. Be3
Kh7 16. b4 axb4 17. axb4 Nd4 18. f4 Ng4 19. fxe5 dxe5 20. exf5 gxf5 21. Bxd4
Rcd8 22. Nxc7 Qc8 23. Bb6 e4 24. Qb3 Rxd3 25. Qa4 Rd2 26. Rbd1 Qxc7 27. Rxd2
Qxb6+ 28. c5 Qf6 29. Rd7 Qb2 30. Rf1 Kh8 31. Rxg7 Qd4+ 32. Kh1 Nf2+ 33. Rxf2 e3
34. Rxf5 e2 35. Rxf8+ Kxg7 36. Rf1 Qd5 37. Qa1+ Kh7 38. Bxd5 1-0

[Event "First Saturday 2009 may FM-B"]
[Site "Budapest"]
[Date "2009.05.02"]
[Round "1"]
[White "Farkas, Richard"]
[Black "Szoukup, Istvan"]
[Result "1-0"]
[WhiteElo "1709"]
[BlackElo "1839"]
[PlyCount "41"]
[EventDate "2009.05.02"]

1. e4 e5 2. Nf3 Nc6 3. Bb5 a6 4. Bxc6 dxc6 5. O-O f6 6. d3 Bg4 7. h3 h5 8. Nbd2
Bc5 9. a3 f5 10. exf5 Qe7 11. Re1 O-O-O 12. hxg4 hxg4 13. Rxe5 g3 14. Ne4 gxf2+
15. Nxf2 Nf6 16. Rxe7 Ng4 17. Re2 Bxf2+ 18. Rxf2 Rh1+ 19. Kxh1 Nxf2+ 20. Kg1
Nxd1 21. Bg5 1-0

[Event "First Saturday 2009 may FM-B"]
[Site "Budapest"]
[Date "2009.05.02"]
[Round "1"]
[White "Pollak, Andras"]
[Black "Mendege, Andras"]
[Result "0-1"]
[WhiteElo "1711"]
[BlackElo "1818"]
[PlyCount "84"]
[EventDate "2009.05.02"]

1. d4 Nf6 2. c4 g6 3. d5 Bg7 4. Nc3 d6 5. e4 O-O 6. Bg5 e6 7. Be2 exd5 8. cxd5
Re8 9. Nf3 Bg4 10. O-O Nbd7 11. h3 Bxf3 12. Bxf3 h6 13. Bf4 Nc5 14. Re1 a5 15.
Qd2 Kh7 16. Qc2 Nfd7 17. Bd1 f5 18. f3 fxe4 19. fxe4 Ne5 20. Bxe5 Rxe5 21. Bf3
Qe7 22. Re2 Qh4 23. Nb5 Re7 24. Rd1 Rae8 25. Rde1 Be5 26. Bg4 Qg3 27. Re3 Qh2+
28. Kf1 Rf8+ 29. Bf3 Ref7 30. Qd1 Bg3 31. Ke2 Bxe1 32. Qxe1 Qe5 33. Qd2 Kg7 34.
b3 Ra8 35. Nd4 Re7 36. a3 Kh7 37. Kf1 Qf4 38. Ne2 Qg5 39. Qd4 Rae8 40. b4 axb4
41. axb4 Nd7 42. Nf4 Qxf4 0-1

[Event "First Saturday 2009 may FM-B"]
[Site "Budapest"]
[Date "2009.05.03"]
[Round "2"]
[White "Lajtos, Levente"]
[Black "Mendege, Andras"]
[Result "0-1"]
[WhiteElo "1632"]
[BlackElo "1818"]
[PlyCount "120"]
[EventDate "2009.05.02"]

1. Nf3 Nf6 2. g3 g6 3. Bg2 Bg7 4. O-O O-O 5. d3 d5 6. Nbd2 b6 7. c4 Bb7 8. Ne5
Nbd7 9. Nxd7 Qxd7 10. Rb1 c5 11. b3 dxc4 12. Nxc4 Bxg2 13. Kxg2 Qd5+ 14. f3
Rfd8 15. Qd2 Nd7 16. Bb2 e5 17. Qe3 f5 18. Kg1 Re8 19. Qf2 Rad8 20. Rbd1 Qe6
21. e4 Nb8 22. Rfe1 f4 23. g4 Nc6 24. Rd2 Rd7 25. Qe2 Red8 26. Red1 Bf8 27. Ba1
Bd6 28. Kg2 Bc7 29. Rc2 Nb4 30. Rcd2 b5 31. Na3 a6 32. Bc3 Nc6 33. Nc2 Kf7 34.
Kf1 Kf6 35. h3 Rd6 36. Kg2 Ba5 37. Bxa5 Nxa5 38. Na3 Qd7 39. Qf2 c4 40. d4 Rxd4
41. Rxd4 exd4 42. Qh4+ Kg7 43. e5 Rf8 44. Qg5 cxb3 45. axb3 Nxb3 46. Qh4 Qe6
47. Qe1 Re8 48. Rd3 Rc8 49. Qb4 Rc3 50. Rxc3 dxc3 51. Qxc3 Kh6 52. h4 g5 53.
hxg5+ Kxg5 54. Qc7 Kg6 55. Qd8 h5 56. Nxb5 axb5 57. gxh5+ Kxh5 58. Qh8+ Kg6 59.
Qh4 Qxe5 60. Qg4+ Qg5 0-1

[Event "First Saturday 2009 may FM-B"]
[Site "Budapest"]
[Date "2009.05.03"]
[Round "2"]
[White "Klein, Rafael"]
[Black "Horvath, Zoltan"]
[Result "0-1"]
[WhiteElo "1617"]
[BlackElo "1424"]
[PlyCount "74"]
[EventDate "2009.05.02"]

1. e4 c5 2. Nf3 d6 3. d4 cxd4 4. Nxd4 Nf6 5. Nc3 a6 6. Be2 e6 7. Be3 b5 8. a3
Bb7 9. Bd3 Be7 10. O-O O-O 11. f4 Nc6 12. g4 Nxd4 13. Bxd4 Qc7 14. g5 Nd7 15.
Rf3 e5 16. Be3 exf4 17. Bxf4 Ne5 18. Rh3 g6 19. Bxe5 dxe5 20. Nd5 Bxd5 21. exd5
Bxg5 22. Qg4 Bf6 23. Rf1 Qd6 24. Rxh7 Kxh7 25. Qh5+ Kg7 26. Qf3 Rh8 27. b3 e4
28. Qxf6+ Qxf6 29. Rxf6 Kxf6 30. Bxe4 Ke5 31. Bg2 Rac8 32. a4 Rxc2 33. axb5
axb5 34. Bf1 b4 35. h3 Kxd5 36. Bc4+ Rxc4 37. bxc4+ Kxc4 0-1

[Event "First Saturday 2009 may FM-B"]
[Site "Budapest"]
[Date "2009.05.03"]
[Round "2"]
[White "Juhasz, Armin"]
[Black "Szabo, Miklos"]
[Result "1-0"]
[WhiteElo "1828"]
[BlackElo "1453"]
[PlyCount "70"]
[EventDate "2009.05.02"]

1. d4 Nf6 2. c4 g6 3. Nc3 Bg7 4. e4 d6 5. Nf3 O-O 6. Be2 Bg4 7. O-O Nbd7 8. h3
Bxf3 9. Bxf3 e5 10. d5 a5 11. Be3 Nc5 12. a3 Ncxe4 13. Nxe4 Nd7 14. g3 f5 15.
Ng5 Qf6 16. Ne6 Rfe8 17. Bg5 Qf7 18. Nxc7 e4 19. Bg2 Nc5 20. Nxa8 Rxa8 21. Rb1
Nd3 22. b3 b6 23. f3 Nc5 24. fxe4 Qd7 25. exf5 gxf5 26. Be3 Re8 27. Bxc5 bxc5
28. Re1 Bd4+ 29. Kh2 Be5 30. Qf3 Qg7 31. Kh1 Rb8 32. g4 Qd7 33. Rf1 f4 34. b4
Qa4 35. Qb3 Qd7 1-0

[Event "First Saturday 2009 may FM-B"]
[Site "Budapest"]
[Date "2009.05.04"]
[Round "3"]
[White "Horvath, Zoltan"]
[Black "Juhasz, Armin"]
[Result "1/2-1/2"]
[WhiteElo "1424"]
[BlackElo "1828"]
[PlyCount "62"]
[EventDate "2009.05.02"]

1. e4 d5 2. exd5 Qxd5 3. Nc3 Qa5 4. d4 Nf6 5. Bd2 c6 6. Nf3 Bg4 7. Be2 Qc7 8.
O-O e6 9. Ne5 Bxe2 10. Qxe2 Bd6 11. Bf4 O-O 12. Rad1 Nbd7 13. g3 Rac8 14. Ne4
Nxe4 15. Qxe4 Nf6 16. Qf3 Nd5 17. Rfe1 Nxf4 18. gxf4 Bxe5 19. dxe5 Rcd8 20. c3
Qb6 21. b3 Rd5 22. c4 Rd4 23. Re3 Rfd8 24. Red3 Kf8 25. Qe3 Rxd3 26. Rxd3 Qxe3
27. Rxd8+ Ke7 28. fxe3 Kxd8 29. Kf2 Ke7 30. Kf3 f5 31. exf6+ Kxf6 1/2-1/2

[Event "First Saturday 2009 may FM-B"]
[Site "Budapest"]
[Date "2009.05.04"]
[Round "3"]
[White "Farkas, Richard"]
[Black "Klein, Rafael"]
[Result "1-0"]
[WhiteElo "1709"]
[BlackElo "1617"]
[PlyCount "35"]
[EventDate "2009.05.02"]

1. e4 e5 2. Nf3 Nf6 3. Nc3 Bb4 4. Bc4 O-O 5. O-O Bxc3 6. dxc3 h6 7. Nxe5 d5 8.
exd5 Qd6 9. Bf4 Re8 10. Re1 Qc5 11. Qd4 Qf8 12. Re2 c5 13. dxc6 Rxe5 14. cxb7
Bxb7 15. Qxe5 Nc6 16. Qc7 Rb8 17. Rae1 Ne8 18. Qxb8 1-0

[Event "First Saturday 2009 may FM-B"]
[Site "Budapest"]
[Date "2009.05.05"]
[Round "4"]
[White "Lajtos, Levente"]
[Black "Szoukup, Istvan"]
[Result "0-1"]
[WhiteElo "1632"]
[BlackElo "1839"]
[PlyCount "82"]
[EventDate "2009.05.02"]

1. Nf3 Nf6 2. g3 d5 3. Bg2 g6 4. O-O Bg7 5. d3 O-O 6. Nbd2 b6 7. c4 c6 8. Rb1
Bb7 9. b3 Nbd7 10. Bb2 Re8 11. d4 c5 12. e3 Qc7 13. Qe2 a6 14. Rfc1 Rac8 15.
cxd5 Nxd5 16. Rc2 Nb4 17. Rc4 b5 18. Rcc1 Nxa2 19. Rc2 Nb4 20. Rcc1 Qd6 21. h4
Na2 22. Rc2 cxd4 23. Rxc8 Rxc8 24. Nxd4 Bxg2 25. Kxg2 Bxd4 26. Bxd4 e5 27. Ba1
Rc2 28. Rd1 Nc5 29. Ne4 Rxe2 30. Nxd6 f6 31. Kf1 Rc2 32. Rb1 Rc1+ 33. Rxc1 Nxc1
34. b4 Na4 35. f4 Nb3 36. fxe5 Nxa1 37. exf6 Nc2 38. e4 Nxb4 39. e5 Nc5 40. g4
Nbd3 41. f7+ Kf8 0-1

[Event "First Saturday 2009 may FM-B"]
[Site "Budapest"]
[Date "2009.05.05"]
[Round "4"]
[White "Klein, Rafael"]
[Black "Pollak, Andras"]
[Result "0-1"]
[WhiteElo "1617"]
[BlackElo "1711"]
[PlyCount "38"]
[EventDate "2009.05.02"]

1. e4 d5 2. exd5 Qxd5 3. d4 c6 4. Nc3 Qd8 5. Nf3 Bg4 6. Be3 Nf6 7. Bc4 e6 8. h3
Bh5 9. g4 Bg6 10. Ne5 Nbd7 11. Qf3 Nxe5 12. dxe5 Nd5 13. Rd1 Bb4 14. Bd2 Bxc2
15. Nxd5 Bxd1 16. Bxb4 Bxf3 17. Nc7+ Qxc7 18. Rg1 O-O-O 19. Kf1 Qxe5 0-1

[Event "First Saturday 2009 may FM-B"]
[Site "Budapest"]
[Date "2009.05.05"]
[Round "4"]
[White "Szabo, Miklos"]
[Black "Horvath, Zoltan"]
[Result "0-1"]
[WhiteElo "1453"]
[BlackElo "1424"]
[PlyCount "74"]
[EventDate "2009.05.02"]

1. e4 c5 2. Nf3 d6 3. d4 cxd4 4. Nxd4 Nf6 5. Nc3 a6 6. Be2 e6 7. O-O Be7 8. Bg5
O-O 9. Kh1 Nc6 10. f4 Nxd4 11. Qxd4 Re8 12. Bf3 Qc7 13. e5 dxe5 14. fxe5 Nd7
15. Bf4 Rb8 16. a4 Bc5 17. Qe4 Qb6 18. Rab1 f5 19. Qe1 Qd8 20. Qg3 Be7 21. Qe1
b6 22. Ne2 Bb7 23. Nd4 Nc5 24. Rd1 Qc7 25. Bxb7 Rxb7 26. Rg1 Bf8 27. g4 fxg4
28. Rxg4 Nxa4 29. Ra1 Nxb2 30. Rxa6 Qc4 31. Qe2 Qxd4 32. Be3 Qxe5 33. Ra1 Rd8
34. Qf3 Rf7 35. Qh3 Rd1+ 36. Rxd1 Nxd1 37. Rg2 Nxe3 0-1

[Event "First Saturday 2009 may FM-B"]
[Site "Budapest"]
[Date "2009.05.06"]
[Round "5"]
[White "Horvath, Zoltan"]
[Black "Lajtos, Levente"]
[Result "0-1"]
[WhiteElo "1424"]
[BlackElo "1632"]
[PlyCount "86"]
[EventDate "2009.05.02"]

1. e4 c5 2. Nf3 d6 3. d4 cxd4 4. Nxd4 Nf6 5. Nc3 g6 6. Be3 Bg7 7. Qd2 O-O 8.
Bd3 Nc6 9. O-O-O Bd7 10. Kb1 Rc8 11. f3 Ne5 12. h4 Re8 13. g4 Nxd3 14. Qxd3 Qa5
15. Nb3 Qc7 16. Bd2 Qc4 17. Qe3 d5 18. Rc1 d4 19. Nxd4 Nxg4 20. fxg4 Bxd4 21.
Qf3 Bc6 22. Rhf1 Bxc3 23. Bxc3 Bxe4 24. Qe3 Bd5 25. Rcd1 Qxa2+ 26. Kc1 Bg2 27.
Rfe1 Qa1+ 28. Kd2 Rcd8+ 29. Ke2 Qa6+ 30. Rd3 Bd5 31. b3 Rd6 32. Kf2 Qc6 33. g5
Bh1 34. Qg3 Rxd3 35. cxd3 Qxc3 36. Rxh1 Rd8 37. Rh3 e5 38. h5 gxh5 39. Rxh5
Rxd3 40. Qg4 Rd2+ 41. Qe2 Qd4+ 42. Ke1 Rxe2+ 43. Kxe2 Qg4+ 0-1

[Event "First Saturday 2009 may FM-B"]
[Site "Budapest"]
[Date "2009.05.06"]
[Round "5"]
[White "Farkas, Richard"]
[Black "Szabo, Miklos"]
[Result "1-0"]
[WhiteElo "1709"]
[BlackElo "1453"]
[PlyCount "113"]
[EventDate "2009.05.02"]

1. e4 d5 2. exd5 Qxd5 3. Nc3 Qa5 4. d4 Nf6 5. Nf3 Bg4 6. h3 Bh5 7. Be2 e6 8. a3
c6 9. O-O Be7 10. Bf4 O-O 11. Ne5 Bg6 12. Nxg6 fxg6 13. Bxb8 Raxb8 14. Bc4 Nd5
15. Qg4 Rf6 16. b4 Qd8 17. Ne4 Rf5 18. Ng3 h5 19. Qe2 Rf6 20. Rfe1 Nf4 21. Qe3
Kh7 22. Rad1 b5 23. Bb3 Qc7 24. Ne4 Rf5 25. Ng3 Rf6 26. Ne2 Nxe2+ 27. Rxe2 a5
28. c3 Rd8 29. Bxe6 axb4 30. axb4 Bd6 31. Rde1 Bf4 32. Qe4 Rdf8 33. Qc2 Qd6 34.
Qa2 Kh6 35. d5 Be5 36. Rxe5 Rxf2 37. Qxf2 Rxf2 38. Kxf2 Qf8+ 39. Kg1 c5 40. d6
Qxd6 41. Rxc5 Qd2 42. Ree5 Qc1+ 43. Kh2 Qf4+ 44. Kg1 Qc1+ 45. Kf2 Qd2+ 46. Re2
Qf4+ 47. Kg1 Qc1+ 48. Kh2 Qf1 49. Re4 Qd3 50. Rd4 Qe3 51. Bd7 Qf2 52. Bxb5 h4
53. Rg4 Qf6 54. Rxg6+ Kxg6 55. Rc6 Kf5 56. Rxf6+ gxf6 57. Bd7+ 1-0

[Event "First Saturday 2009 may FM-B"]
[Site "Budapest"]
[Date "2009.05.06"]
[Round "5"]
[White "Mendege, Andras"]
[Black "Klein, Rafael"]
[Result "1-0"]
[WhiteElo "1818"]
[BlackElo "1617"]
[PlyCount "60"]
[EventDate "2009.05.02"]

1. e4 e5 2. Nf3 Nf6 3. Nxe5 d6 4. Nf3 Nxe4 5. d4 d5 6. Bd3 Be7 7. O-O Nc6 8. c3
f5 9. Bf4 O-O 10. Be5 g5 11. Nfd2 Nxe5 12. dxe5 Nxf2 13. Rxf2 Bc5 14. Nb3 Bxf2+
15. Kxf2 g4 16. N1d2 Qh4+ 17. Kg1 f4 18. Qe1 Qg5 19. Nf1 f3 20. Qe3 Qg7 21. Nd4
c5 22. Nb5 fxg2 23. Kxg2 Rf3 24. Qe2 Qh6 25. Nd6 Qh3+ 26. Kg1 Rxd3 27. Rd1 Rf3
28. Rxd5 Bd7 29. e6 Bc6 30. Rg5+ Kh8 1-0

[Event "First Saturday 2009 may FM-B"]
[Site "Budapest"]
[Date "2009.05.07"]
[Round "6"]
[White "Klein, Rafael"]
[Black "Szoukup, Istvan"]
[Result "1-0"]
[WhiteElo "1617"]
[BlackElo "1839"]
[PlyCount "99"]
[EventDate "2009.05.02"]

1. e4 e5 2. Nf3 Nc6 3. Bc4 Nf6 4. Ng5 d5 5. exd5 Na5 6. Bb5+ c6 7. dxc6 bxc6 8.
Be2 h6 9. Nf3 e4 10. Ne5 Bd6 11. d4 O-O 12. O-O Re8 13. f4 Qb6 14. Kh1 Bb7 15.
c3 Ba6 16. b4 Nb7 17. c4 Bf8 18. Nc3 Nd8 19. Be3 Ne6 20. Bh5 g6 21. f5 Nxh5 22.
fxe6 Rxe6 23. d5 Qxe3 24. dxe6 Qxc3 25. exf7+ Kh7 26. Nxg6 Bxc4 27. Nxf8+ Rxf8
28. Qxh5 Bxf1 29. Qf5+ Kh8 30. Rxf1 e3 31. Qg6 Qg7 32. Qxg7+ Kxg7 33. Kg1 Kg6
34. Rf3 e2 35. Kf2 Rxf7 36. Rxf7 e1=Q+ 37. Kxe1 Kxf7 38. Kd2 Ke6 39. Kc3 Kd5
40. Kd3 h5 41. g3 a6 42. h3 Ke5 43. g4 h4 44. Kc4 Kf4 45. Kd4 c5+ 46. Kxc5 Kg3
47. g5 Kxh3 48. g6 Kh2 49. g7 h3 50. g8=Q 1-0

[Event "First Saturday 2009 may FM-B"]
[Site "Budapest"]
[Date "2009.05.07"]
[Round "6"]
[White "Juhasz, Armin"]
[Black "Mendege, Andras"]
[Result "1/2-1/2"]
[WhiteElo "1828"]
[BlackElo "1818"]
[PlyCount "120"]
[EventDate "2009.05.02"]

1. d4 Nf6 2. c4 g6 3. Nc3 d5 4. Bf4 c6 5. e3 Bg7 6. Nf3 O-O 7. h3 e6 8. Qb3
Nbd7 9. Bd3 Nb6 10. O-O dxc4 11. Bxc4 Nxc4 12. Qxc4 Nd5 13. Bh2 Qb6 14. Rab1
Qb4 15. Qxb4 Nxb4 16. Bd6 Nd5 17. Bxf8 Kxf8 18. a3 f6 19. Nxd5 exd5 20. b4 a6
21. Rfd1 Bd7 22. Ne1 Re8 23. Nd3 Re7 24. Nc5 Be8 25. Re1 f5 26. f4 Kf7 27. Kf2
Bf6 28. Kf3 Rc7 29. g4 Bd8 30. Rg1 Bf6 31. Rg2 Bd7 32. Nxd7 Rxd7 33. a4 Ke6 34.
gxf5+ gxf5 35. Rbg1 b5 36. axb5 axb5 37. Ra2 Kd6 38. Ra8 Rf7 39. Rc1 Rc7 40.
Rg1 Ke6 41. Rgg8 h5 42. Rac8 Rxc8 43. Rxc8 Kd7 44. Rg8 h4 45. Rg6 Ke7 46. Rg8
Kd7 47. Ke2 Ke7 48. Kd3 Kd7 49. Rg6 Ke7 50. Rg8 Kd7 51. Ra8 Kd6 52. Kc3 Ke7 53.
Ra7+ Kd6 54. Kd3 Be7 55. Kc3 Bf6 56. Rh7 Ke6 57. Rc7 Kd6 58. Rc8 Kd7 59. Rf8
Ke7 60. Rg8 Kd6 {after 104 moves} 1/2-1/2

[Event "First Saturday 2009 may FM-B"]
[Site "Budapest"]
[Date "2009.05.07"]
[Round "6"]
[White "Szabo, Miklos"]
[Black "Pollak, Andras"]
[Result "0-1"]
[WhiteElo "1453"]
[BlackElo "1711"]
[PlyCount "56"]
[EventDate "2009.05.02"]

1. e4 d5 2. exd5 Qxd5 3. Nc3 Qa5 4. d4 c6 5. Nf3 Nf6 6. Bd3 Bg4 7. h3 Bh5 8.
Bd2 Qd8 9. g4 Bg6 10. Ne5 Bxd3 11. Nxd3 Qxd4 12. Be3 Qd8 13. Qd2 e6 14. O-O-O
Nbd7 15. f4 Be7 16. Kb1 O-O 17. Qf2 Nd5 18. Nxd5 cxd5 19. g5 Nb6 20. b3 Qc7 21.
Bc1 Rac8 22. Rh2 Bc5 23. Qf3 d4 24. Nxc5 Qxc5 25. Qxb7 Nd5 26. Bb2 Nc3+ 27.
Bxc3 dxc3 28. Rd3 Qg1+ 0-1

[Event "First Saturday 2009 may FM-B"]
[Site "Budapest"]
[Date "2009.05.08"]
[Round "7"]
[White "Farkas, Richard"]
[Black "Lajtos, Levente"]
[Result "1-0"]
[WhiteElo "1709"]
[BlackElo "1632"]
[PlyCount "47"]
[EventDate "2009.05.02"]

1. e4 c5 2. Nc3 Nc6 3. g3 d6 4. Bg2 Nf6 5. d3 g6 6. Be3 Bg7 7. f4 O-O 8. Nf3
Qa5 9. a3 d5 10. Bd2 Qd8 11. e5 d4 12. exf6 dxc3 13. fxg7 cxd2+ 14. Qxd2 Kxg7
15. Qc3+ Nd4 16. Qxc5 Bh3 17. Nxd4 Bxg2 18. Rg1 Bh3 19. g4 Qd7 20. f5 Rac8 21.
Qe5+ f6 22. Ne6+ Kh8 23. Nxf8 Rxf8 24. Qg3 1-0

[Event "First Saturday 2009 may FM-B"]
[Site "Budapest"]
[Date "2009.05.08"]
[Round "7"]
[White "Pollak, Andras"]
[Black "Horvath, Zoltan"]
[Result "1-0"]
[WhiteElo "1711"]
[BlackElo "1424"]
[PlyCount "119"]
[EventDate "2009.05.02"]

1. d4 Nf6 2. Nf3 d5 3. c4 c6 4. cxd5 cxd5 5. Nc3 Nc6 6. Bf4 a6 7. e3 e6 8. Be2
Bd6 9. Bg5 h6 10. Bh4 Be7 11. O-O O-O 12. Rc1 Re8 13. a3 Bd7 14. Qb3 Na5 15.
Qd1 b5 16. Ne5 Nc4 17. Bxc4 dxc4 18. Qe2 Nd5 19. Bg3 Bd6 20. Nxf7 Kxf7 21. Bxd6
Bc6 22. Be5 Qg5 23. Ne4 Qg6 24. Nd6+ Kg8 25. e4 Nf6 26. Bxf6 Qxf6 27. Nxe8 Rxe8
28. Qe3 Qg6 29. f3 Kh7 30. b3 Bd7 31. bxc4 bxc4 32. Rfd1 Rc8 33. Rc3 Qe8 34. e5
Qd8 35. Rxc4 Bb5 36. Rxc8 Qxc8 37. Rc1 Qd7 38. Qe4+ Kh8 39. Rc5 Kg8 40. Qe3 Kh7
41. Qc3 Qb7 42. Qc2+ Kg8 43. Rc8+ Kf7 44. Rc7+ Qxc7 45. Qxc7+ Kg6 46. Kf2 h5
47. g4 h4 48. f4 Bd3 49. Qe7 a5 50. Qxh4 Kf7 51. Ke3 Bg6 52. d5 exd5 53. f5
Bxf5 54. gxf5 a4 55. Qh5+ Kf8 56. Kd4 Ke7 57. Qg6 Kf8 58. e6 Kg8 59. e7 Kh8 60.
e8=R# 1-0

[Event "First Saturday 2009 may FM-B"]
[Site "Budapest"]
[Date "2009.05.08"]
[Round "7"]
[White "Mendege, Andras"]
[Black "Szabo, Miklos"]
[Result "1-0"]
[WhiteElo "1818"]
[BlackElo "1453"]
[PlyCount "65"]
[EventDate "2009.05.02"]

1. e4 c6 2. d4 d5 3. Nc3 dxe4 4. Nxe4 Bf5 5. Ng3 Bg6 6. Nf3 Nf6 7. Bd3 Nbd7 8.
O-O e6 9. b3 Be7 10. Bb2 O-O 11. Bxg6 hxg6 12. c4 Qc7 13. Qe2 Rfe8 14. Rfd1 Qa5
15. a4 Bb4 16. Qc2 Red8 17. Rac1 c5 18. Ne5 cxd4 19. Nxd7 Rxd7 20. Rxd4 Rad8
21. Rcd1 Bd6 22. Ne4 Nxe4 23. Qxe4 Qg5 24. h3 e5 25. Rd5 f5 26. Qd3 Qe7 27.
Bxe5 Bxe5 28. Rxd7 Rxd7 29. Qxd7 Qb4 30. Qd5+ Kh7 31. Qxe5 Qxb3 32. Rd7 Kh6 33.
Qf4+ 1-0

[Event "First Saturday 2009 may FM-B"]
[Site "Budapest"]
[Date "2009.05.08"]
[Round "7"]
[White "Szoukup, Istvan"]
[Black "Juhasz, Armin"]
[Result "1-0"]
[WhiteElo "1839"]
[BlackElo "1828"]
[PlyCount "155"]
[EventDate "2009.05.02"]

1. e4 c5 2. Nf3 Nc6 3. d4 cxd4 4. Nxd4 g6 5. Nc3 Bg7 6. Be3 Nf6 7. f3 O-O 8.
Qd2 d5 9. exd5 Nxd5 10. Nxd5 Qxd5 11. Nxc6 Qxc6 12. O-O-O Bf5 13. Bd3 Rfd8 14.
Qe2 Bxd3 15. Rxd3 Rxd3 16. Qxd3 a6 17. Rd1 Rc8 18. Qd8+ Bf8 19. Qd3 b5 20. Rd2
e6 21. Qd7 Bb4 22. c3 Bc5 23. Qxc6 Rxc6 24. Bh6 Rd6 25. Rxd6 Bxd6 26. h3 f5 27.
Kd2 Kf7 28. Kd3 Ke7 29. c4 Kd7 30. Kd4 Kc6 31. Bg7 h5 32. a3 bxc4 33. Kxc4 g5
34. g4 hxg4 35. hxg4 fxg4 36. fxg4 Bf4 37. Kd4 Bc1 38. Ke4 Kd7 39. Bc3 Kc6 40.
Ke5 Kd7 41. a4 Ke7 42. b3 Bf4+ 43. Ke4 Kd6 44. Bb4+ Kd7 45. Bf8 Ke8 46. Bg7 Kd7
47. Be5 Bd2 48. Kd3 Bc1 49. Bd4 Kc6 50. Ke4 Kd6 51. b4 Kc6 52. Ke5 Kd7 53. Bc5
Bb2+ 54. Ke4 Ba3 55. Ke5 Bb2+ 56. Bd4 Bc1 57. Bc3 Ke7 58. Kd4 Kd6 59. Kd3 Kd5
60. Bd4 Bf4 61. Bb2 Bd6 62. Bc3 e5 63. b5 axb5 64. axb5 e4+ 65. Ke2 Kc5 66. Ke3
Kxb5 67. Kxe4 Kc6 68. Kf5 Kd7 69. Kxg5 Ke7 70. Kg6 Kf8 71. Kh7 Bf4 72. Bg7+ Kf7
73. Bh6 Be5 74. g5 Bd4 75. g6+ Ke7 76. Bg7 Be3 77. Bc3 Kf8 78. g7+ 1-0

[Event "First Saturday 2009 may FM-B"]
[Site "Budapest"]
[Date "2009.05.09"]
[Round "8"]
[White "Lajtos, Levente"]
[Black "Klein, Rafael"]
[Result "1-0"]
[WhiteElo "1632"]
[BlackElo "1617"]
[PlyCount "79"]
[EventDate "2009.05.02"]

1. Nf3 d6 2. g3 g6 3. Bg2 Bg7 4. d3 Nc6 5. O-O e5 6. Nbd2 Nge7 7. Nc4 O-O 8. e4
f5 9. exf5 gxf5 10. Bg5 d5 11. Ncd2 e4 12. Ne1 Bxb2 13. Bh6 Rf6 14. Rb1 Be5 15.
Qh5 Rg6 16. Bg5 Nd4 17. Bh3 f4 18. Bxc8 Rxc8 19. dxe4 fxg3 20. hxg3 Qe8 21. Nd3
Bf6 22. Bxf6 Rxg3+ 23. fxg3 Qxh5 24. Bxe7 Ne2+ 25. Kg2 Qg4 26. Bh4 Nc3 27. Rbe1
Re8 28. Rf5 h6 29. Rf4 Qd7 30. Nc5 Qc6 31. Ref1 Qxc5 32. Rg4+ Kh8 33. Bf6+ Kh7
34. Rg7+ Kh8 35. Rxc7+ Kg8 36. Rxc5 Nxe4 37. Nxe4 dxe4 38. Rc7 Rf8 39. Rxb7 a5
40. Rf4 1-0

[Event "First Saturday 2009 may FM-B"]
[Site "Budapest"]
[Date "2009.05.09"]
[Round "8"]
[White "Szabo, Miklos"]
[Black "Szoukup, Istvan"]
[Result "0-1"]
[WhiteElo "1453"]
[BlackElo "1839"]
[PlyCount "98"]
[EventDate "2009.05.02"]

1. e4 e5 2. Nf3 Nc6 3. Bb5 a6 4. Ba4 Nf6 5. O-O Be7 6. c3 Nxe4 7. d4 exd4 8.
cxd4 b5 9. Bb3 d5 10. h3 O-O 11. Re1 Bf6 12. Nc3 Nxc3 13. bxc3 Na5 14. Bc2 Nc4
15. Qd3 g6 16. Bh6 Bg7 17. Bxg7 Kxg7 18. a4 Bf5 19. Qd1 Nb2 20. Qe2 Bxc2 21.
Qxc2 Nxa4 22. Re3 Nb6 23. Nd2 Re8 24. Rae1 Qd7 25. Nb3 Na4 26. f4 Rxe3 27. Rxe3
Re8 28. Re5 Re6 29. f5 Rxe5 30. f6+ Kxf6 31. dxe5+ Kg7 32. Qf2 Qf5 33. Qd4 Qe4
34. e6+ Qxd4+ 35. Nxd4 f5 36. Kf2 Nxc3 37. e7 Kf7 38. Nc6 Ke8 39. Ke3 Kd7 40.
Kd4 Nd1 41. Ke5 Ne3 42. Kd4 f4 43. Ke5 d4 44. Kf6 Ke8 45. Nxd4 Nd5+ 46. Kg7
Kxe7 47. Kxh7 Kf6 48. Kg8 Ne3 49. Ne2 Nxg2 0-1

[Event "First Saturday 2009 may FM-B"]
[Site "Budapest"]
[Date "2009.05.09"]
[Round "8"]
[White "Horvath, Zoltan"]
[Black "Mendege, Andras"]
[Result "0-1"]
[WhiteElo "1424"]
[BlackElo "1818"]
[PlyCount "90"]
[EventDate "2009.05.02"]

1. e4 e6 2. d4 d5 3. e5 c5 4. c3 Qb6 5. b3 cxd4 6. Qxd4 Qxd4 7. cxd4 Bb4+ 8.
Bd2 Nc6 9. Bb5 Bxd2+ 10. Nxd2 Bd7 11. Bxc6 Bxc6 12. Rc1 Ne7 13. a4 Kd7 14. Ne2
b6 15. O-O Rac8 16. Rfe1 Bb7 17. f4 Ba6 18. Nc3 Rc7 19. Nb5 Bxb5 20. Rxc7+ Kxc7
21. axb5 Kb7 22. Rc1 g6 23. g4 h5 24. g5 Rd8 25. Kf2 Nf5 26. Nf3 Ng7 27. Ke3
Ne8 28. Nd2 Nc7 29. Nb1 Nxb5 30. Kd3 Rc8 31. Rxc8 Kxc8 32. b4 Kb7 33. Nc3 Nxc3
34. Kxc3 Kc6 35. Kb3 Kb5 36. h3 h4 37. Kc3 Ka4 38. b5 Kxb5 39. Kb3 a5 40. Kc3
Ka4 41. Kc2 b5 42. Kc3 b4+ 43. Kb2 Kb5 44. Kb3 a4+ 45. Kc2 Kc4 0-1

[Event "First Saturday 2009 may FM-B"]
[Site "Budapest"]
[Date "2009.05.09"]
[Round "8"]
[White "Farkas, Richard"]
[Black "Pollak, Andras"]
[Result "1/2-1/2"]
[WhiteElo "1709"]
[BlackElo "1711"]
[PlyCount "50"]
[EventDate "2009.05.02"]

1. e4 c5 2. Nc3 e6 3. g3 Nc6 4. Bg2 g6 5. f4 Bg7 6. d3 Nge7 7. Be3 Qa5 8. Bd2
Qc7 9. Nf3 O-O 10. O-O a6 11. a4 d5 12. exd5 exd5 13. Ng5 h6 14. Nf3 Bg4 15. h3
Be6 16. Re1 Nf5 17. Kh2 Nb4 18. Ne5 Rad8 19. Nxg6 Rfe8 20. Ne5 Nd4 21. Rc1 Bf5
22. Qh5 Re6 23. Nxd5 Nxd5 24. Bxd5 Rxd5 25. c3 Bg6 1/2-1/2

[Event "First Saturday 2009 may FM-B"]
[Site "Budapest"]
[Date "2009.05.10"]
[Round "9"]
[White "Mendege, Andras"]
[Black "Farkas, Richard"]
[Result "1/2-1/2"]
[WhiteElo "1818"]
[BlackElo "1709"]
[PlyCount "147"]
[EventDate "2009.05.02"]

1. e4 e6 2. d4 d5 3. Nc3 Bb4 4. e5 c5 5. a3 Bxc3+ 6. bxc3 Ne7 7. Qg4 cxd4 8.
cxd4 Nbc6 9. c3 Qc7 10. Bd2 Rg8 11. Bd3 Ng6 12. h4 Bd7 13. h5 Nf8 14. Qf3 Na5
15. Rb1 Ba4 16. Ne2 O-O-O 17. O-O Nb3 18. Be3 Qe7 19. c4 dxc4 20. Bxc4 Bc6 21.
d5 exd5 22. Bxb3 Qxe5 23. Bxa7 Nd7 24. Qf4 Qxe2 25. Rfc1 Qe5 26. Qxf7 Nf6 27.
Re1 Qd6 28. Qe6+ Qxe6 29. Rxe6 Kd7 30. Rbe1 Rge8 31. Rxe8 Rxe8 32. Rxe8 Kxe8
33. Bd1 Ke7 34. Bd4 Be8 35. g4 g6 36. hxg6 Bxg6 37. Kg2 Ne4 38. f4 Nd6 39. f5
Be8 40. Kg3 Nc4 41. Kf4 b5 42. Kg5 Kf8 43. Bc5+ Kg8 44. Kf6 Bf7 45. g5 Nd2 46.
Ke5 Ne4 47. Be7 Kg7 48. Bf3 Bg8 49. Be2 Kf7 50. Bd8 Ke8 51. Ba5 Nxg5 52. Bxb5+
Kf8 53. Be2 Bf7 54. Bd2 Ne4 55. Bh6+ Ke7 56. f6+ Kd7 57. Bg4+ Kc6 58. Bf5 Bg8
59. Bxe4 dxe4 60. Kxe4 Kb7 61. Ke5 Ba2 62. Kd6 Bf7 63. Ke7 Ba2 64. f7 Bxf7 65.
Kxf7 Ka8 66. Kg7 Kb8 67. Kxh7 Ka8 68. Kg6 Kb8 69. Kf5 Ka8 70. Ke6 Kb7 71. Kd5
Ka8 72. Kc6 Kb8 73. Kb6 Ka8 74. Bf4 1/2-1/2

[Event "First Saturday 2009 may FM-B"]
[Site "Budapest"]
[Date "2009.05.10"]
[Round "9"]
[White "Szoukup, Istvan"]
[Black "Horvath, Zoltan"]
[Result "1/2-1/2"]
[WhiteElo "1839"]
[BlackElo "1424"]
[PlyCount "51"]
[EventDate "2009.05.02"]

1. e4 e5 2. Nf3 Nc6 3. Bb5 a6 4. Ba4 Nf6 5. O-O Be7 6. Re1 b5 7. Bb3 d6 8. c3
O-O 9. h3 Na5 10. Bc2 c5 11. d4 Qc7 12. Nbd2 Re8 13. Nf1 Nc4 14. b3 Nb6 15. d5
c4 16. Bg5 h6 17. Bxf6 Bxf6 18. Qd2 Qe7 19. Ne3 Bg5 20. Qe2 cxb3 21. axb3 Rf8
22. Ra5 Bxe3 23. Qxe3 Qc7 24. Rea1 Na4 25. b4 Qxc3 26. Qxc3 1/2-1/2